| 000 | 00868nam2a22002411 4500 | ||
|---|---|---|---|
| 001 | v19\rc\2019204 | ||
| 005 | 20080925110124.1 | ||
| 035 | _a(NLR Aleph) 005099828 | ||
| 090 |
_a7380943 _c7380943 |
||
| 100 | _a20080925d1904 |||y0rusy50 ca | ||
| 101 | 0 | _arus | |
| 102 | _aRU | ||
| 105 | _ay z ||||| | ||
| 200 | 1 | _aГиринская провинция | |
| 205 | _a2-е изд. | ||
| 210 | _d1904 | ||
| 461 | 0 |
_1001v19\rc\2019203 _12001#$aВоенный обзор Северной Маньчжурии$e(По материалам полевой поездки офицеров Ген. штаба Приамурск. воен. окр. в 1901 г.). Ч. 1$vЧ. 1 |
|
| 700 | 1 |
_aЦихович _bЯ. К. _gЯнуарий Казимирович |
|
| 801 | 0 |
_aRU _bNLR _gpsbo |
|
| 801 | 1 |
_aRU _bProSoft-M _2rusmarc |
|
| 852 |
_aNLR _j17.151.1.54 |
||
| 942 | _cBOOK | ||
| 980 | _aNB | ||